Ménage /

Saved in:
Bibliographic Details
Main Author: Farnan, Dorothy J. (Author)
Other Authors: Basso, Susanna
Format: Book
Language:Italian
Published: Milano : Sperling Paperback, 1993
Series:I sensi
Subjects:
Tags: Add Tag
No Tags, Be the first to tag this record!

MARC

LEADER 00000nam a22000007i 4500
001 IT\ICCU\LO1\0309092
003 ItRI
005 20260203102200.0
008 930913s1993 it |||||| ||||| |||||c
020 |a 8878243132 
040 |b ita  |c C 
041 7 |a ita  |2 ISO-639-2 
082 |a 811.52  |2 19 
100 1 |a Farnan, Dorothy J.  |0 IT\ICCU\CFIV\060206  |4 aut 
240 1 0 |a Auden in love. -  |9 Farnan, Dorothy J. 
245 1 0 |a Ménage /  |c Dorothy J. Farnan. 
260 |a Milano :  |b Sperling Paperback,  |c 1993 
300 |a 286 p. ;  |c 20 cm 
500 |a Traduzione di Susanna Basso. 
650 7 |a Auden, Wystan Hugh  |2 scbi 
700 1 |a Basso, Susanna  |0 IT\ICCU\CFIV\076497 
830 2 |a I sensi  |0 IT\ICCU\LO1\0301147 
942 |2 ddc  |c BK 
952 |0 0  |1 0  |2 ddc  |4 0  |6 079_811_520000000000000_FAR_MEN  |7 1  |9 906  |a MO  |b MO  |d 2024-03-07  |l 0  |o [079] 811.52 FAR MEN  |p 9081  |r 2024-03-07 10:51:11  |w 2024-03-07  |y BK 
952 |0 0  |1 0  |4 0  |6 DOC_813_540000000000000_FAR  |7 0  |9 17045  |a BO  |b BO  |d 2026-01-15  |i 17935  |l 0  |o DOC 813.54 FAR  |p BO17935  |r 2026-01-15 23:19:31  |w 2026-01-15  |x [Sebina 5] [1 v.]  |y BK  |z 1 v. (3. copia) 
952 |0 0  |1 0  |4 0  |6 DOC_820_992000000000000_FAR  |7 0  |9 17046  |a BO  |b BO  |d 2026-01-15  |i 5012  |l 0  |o DOC 820.992 FAR  |p BO5012  |r 2026-01-15 23:19:31  |w 2026-01-15  |x [Sebina 5] [1 v.]  |y BK  |z 1 v. 
952 |0 0  |1 0  |4 0  |6 DOC_813_540000000000000_FAR  |7 0  |9 17047  |a BO  |b BO  |d 2026-01-15  |i 6579  |l 0  |o DOC 813.54 FAR  |p BO6579  |r 2026-01-15 23:19:31  |w 2026-01-15  |x [Sebina 5] [1 v.]  |y BK  |z 1 v. 
981 1 |6 z01  |a i   |b xxxe  
982 1 |6 z01  |a n 
999 |c 858  |d 858